[Event "Asia-chT (Women) 6th Tata Steel"]
[Site "Kolkata"]
[Date "2009.12.22"]
[Round "1"]
[White "Walallawita, Lihini Ashwini"]
[Black "Ghader Pour, Shayesteh"]
[Result "0-1"]
[WhiteElo "1797"]
[BlackElo "2187"]
[PlyCount "66"]
[EventDate "2009.12.22"]
[EventType "team-swiss"]
[EventRounds "7"]
[EventCountry "IND"]
[SourceTitle "EXT 2020"]
[Source "ChessBase"]
[SourceDate "2019.10.17"]
[SourceVersion "1"]
[SourceVersionDate "2019.10.17"]
[SourceQuality "1"]
[WhiteTeam "Sri Lanka (W)"]
[BlackTeam "Iran (W)"]
[WhiteTeamCountry "SRI"]
[BlackTeamCountry "IRI"]

1. e4 c5 2. Nf3 e6 3. d4 cxd4 4. Nxd4 a6 5. Nc3 Qc7 6. Be3 Nf6 7. Bd3 Nc6 8. a3 Be7 9. 0-0 0-0 10. Nxc6 bxc6 11. f4 d5 12. e5 Nd7 13. Bxh7+ Kxh7 14. Qh5+ Kg8 15. Rf3 f5 16. Rh3 Bc5 17. Qh7+ Kf7 18. Qh5+ Ke7 19. Qg5+ Ke8 20. Qg6+ Kd8 21. Qg5+ Be7 22. Qxg7 Re8 23. Rh8 Rxh8 24. Qxh8+ Nf8 25. h4 Bd7 26. h5 Be8 27. Kf2 c5 28. Ne2 d4 29. Bd2 Qb6 30. b3 c4 31. b4 c3 32. Nxd4 cxd2 33. c3 Rc8 0-1

[Event "Olympiad Women-38"]
[Site "Dresden"]
[Date "2008.11.21"]
[Round "8"]
[White "Walallawita, Lihini Ashwini"]
[Black "Maeckelbergh, Anne Marie"]
[Result "0-1"]
[WhiteElo "1818"]
[BlackElo "1959"]
[PlyCount "79"]
[EventDate "2008.11.13"]
[EventType "team-swiss"]
[EventRounds "11"]
[EventCountry "GER"]
[SourceTitle "CBM 128"]
[Source "ChessBase"]
[SourceDate "2009.01.28"]
[SourceVersion "1"]
[SourceVersionDate "2009.01.28"]
[SourceQuality "1"]
[WhiteTeam "Sri Lanka (W)"]
[BlackTeam "IBCA (W)"]
[WhiteTeamCountry "SRI"]

1. e4 Nf6 2. e5 Nd5 3. d4 d6 4. Nf3 Bg4 5. Be2 e6 6. c4 Nb6 7. b3 Be7 8. Be3 Nc6 9. Nbd2 d5 10. c5 Nd7 11. a3 a5 12. 0-0 0-0 13. Bd3 Rc8 14. Qc2 h6 15. h3 Bxf3 16. Nxf3 b6 17. Rfc1 bxc5 18. dxc5 Ndxe5 19. Nxe5 Nxe5 20. Be2 Bf6 21. Rab1 d4 22. Rd1 Nc6 23. Qe4 Qd5 24. Qg4 Qf5 25. Qxf5 exf5 26. Bd2 Ra8 27. Bf3 Ra6 28. Bxc6 Rxc6 29. Bxa5 Ra8 30. Bb4 Rca6 31. a4 Rb8 32. Be1 Kf8 33. a5 Ke7 34. b4 c6 35. Ra1 Ke6 36. Ra3 Kd5 37. Rad3 Kc4 38. Kf1 Re8 39. R3d2 Re7 40. Re2 0-1

[Event "Olympiad Women-38"]
[Site "Dresden"]
[Date "2008.11.20"]
[Round "7"]
[White "Citra, Dewi Ardhiani Anast"]
[Black "Walallawita, Lihini Ashwini"]
[Result "1-0"]
[WhiteElo "1802"]
[BlackElo "1818"]
[PlyCount "69"]
[EventDate "2008.11.13"]
[EventType "team-swiss"]
[EventRounds "11"]
[EventCountry "GER"]
[SourceTitle "CBM 128"]
[Source "ChessBase"]
[SourceDate "2009.01.28"]
[SourceVersion "1"]
[SourceVersionDate "2009.01.28"]
[SourceQuality "1"]
[WhiteTeam "Indonesia (W)"]
[BlackTeam "Sri Lanka (W)"]
[WhiteTeamCountry "INA"]
[BlackTeamCountry "SRI"]

1. e4 c5 2. Nf3 d6 3. d4 cxd4 4. Nxd4 Nf6 5. Nc3 g6 6. Be3 Bg7 7. f3 0-0 8. Qd2 Nc6 9. 0-0-0 Nxd4 10. Bxd4 Be6 11. Kb1 b5 12. Bxb5 Qb8 13. Bc6 Qc7 14. Bxa8 Rxa8 15. g4 Qb7 16. h4 Rb8 17. b3 a5 18. h5 Qb4 19. hxg6 a4 20. gxh7+ Kh8 21. Nd5 Qb7 22. g5 axb3 23. cxb3 Ne8 24. Bxg7+ Nxg7 25. Qd4 Ra8 26. Rc1 Qa6 27. Rh2 Bxd5 28. exd5 Rc8 29. Rxc8+ Qxc8 30. Kb2 Qd8 31. a4 Qa8 32. Qxg7+ Kxg7 33. h8Q+ Qxh8 34. Rxh8 Kxh8 35. a5 1-0

[Event "Wch U16 Girls"]
[Site "Kemer"]
[Date "2007.11.18"]
[Round "1"]
[White "Walallawita, Lihini Ashwini"]
[Black "Ozturk Orenli, Kubra"]
[Result "0-1"]
[WhiteElo "1780"]
[BlackElo "2174"]
[PlyCount "42"]
[EventDate "2007.11.18"]
[EventType "swiss"]
[EventRounds "11"]
[EventCountry "TUR"]
[SourceTitle "CBM 121 Extra"]
[Source "ChessBase"]
[SourceDate "2008.01.10"]
[SourceVersion "1"]
[SourceVersionDate "2008.01.10"]
[SourceQuality "1"]

1. e4 e5 2. Nf3 Nc6 3. Bc4 Nf6 4. Ng5 d5 5. exd5 Na5 6. Bb5+ c6 7. dxc6 bxc6 8. Be2 h6 9. Nf3 e4 10. Ne5 Qd4 11. Ng4 Bxg4 12. Bxg4 e3 13. f3 Nxg4 14. fxg4 0-0-0 15. Qe2 exd2+ 16. Nxd2 Bc5 17. c3 Qd5 18. Kf1 Rhe8 19. Qf3 Nc4 20. b4 Nxd2+ 21. Bxd2 Qc4+ 0-1